| 000 | 00658nam a22002177a 4500 | ||
|---|---|---|---|
| 003 | OSt | ||
| 005 | 20140310182947.0 | ||
| 008 | 130205t xxu||||| |||| 00| 0 eng d | ||
| 020 | _a9710412235 | ||
| 050 |
_aDS 675.8 _b.G216 2011 |
||
| 082 |
_aFIL 920 _bG216 2011 |
||
| 245 |
_aRizal and the development of Filipino nationalism _ba textbook on the life, works, and writings of our national hero _cGarcia, Carlito |
||
| 250 | _arev. ed. | ||
| 260 |
_aMandaluyong City _bBooks Atbp. Publishing _cc2011 |
||
| 300 |
_a336 p. _c26 cm. |
||
| 521 | _acollege students | ||
| 526 | _c1210L-1700L | ||
| 541 | _j1 | ||
| 562 | _e1 | ||
| 942 |
_2lcc _cBK _kFIL |
||
| 999 |
_c17825 _d17825 |
||